Bibliography of M.Sc. and Ph.D. theses in social science accepted for award of degree by the agricultural universitiies of North-Western India (Record no. 11115)

MARC details
000 -LEADER
fixed length control field 00394nam a2200109Ia 4500
082 ## - DEWEY DECIMAL CLASSIFICATION NUMBER
Classification number RR 016.3381 BIB
245 #0 - TITLE STATEMENT
Title Bibliography of M.Sc. and Ph.D. theses in social science accepted for award of degree by the agricultural universitiies of North-Western India
260 ## - PUBLICATION, DISTRIBUTION, ETC. (IMPRINT)
Place of publication Chandigarh
Name of publisher Indian Council of Social Science Researc
Year of publication 1991
300 ## - PHYSICAL DESCRIPTION
Number of Pages 66p.
700 ## - ADDED ENTRY--PERSONAL NAME
Personal name Handa, C.D.
942 ## - ADDED ENTRY ELEMENTS (KOHA)
Koha item type Books
Source of classification or shelving scheme Dewey Decimal Classification
Holdings
Withdrawn status Lost status Damaged status Not for loan Home library Current library Date acquired Bill Date Full call number Accession Number Price effective from Koha item type
        NASSDOC Library NASSDOC Library 08/10/2004 2008-12-30 RR 016.3381 BIB 31199 18/04/2019 Books